000 00587nam a2200193Ii 4500
003 JO-AjNU
008 230605s9999||||xx |||||||||||||| ||und||
040 _aJO-AjNU
_bara
_erda
_cJO-AjNU
041 _aara
050 1 4 _aPJ7816
100 3 _aالعموري، جاسر ابراهيم,
_eauthor
_923440
245 0 0 _aديوان صرخة وطن
264 3 1 _aد.م:د.ن، د.ت
300 _a91ص
336 _atext
_btxt
_2rdacontent
337 _aunmediated
_bn
_2rdamedia
338 _avolume
_bnc
_2rdacarrier
650 4 _aالشعر العربي-فلسطين- القرن 20
_923441
999 _aA8480
_c12048
_d12048